000
00259nam a22001097a 4500
008
160418b xxu||||| |||| 00| 0 eng d
020
_a
0721686699
041
_a
eng
080
_a
018.2
245
_a
Fundamentals of Nursing;
_c
Helen Harkreader;
942
_2
udc
_c
BK
999
_c
1424
_d
1424